000 00976nam a2200217Ia 4500
001 19837
003 GE_BSU
008 181216s||||||||xx |||||||||||||| ||und||
040 _cGE_BSU
080 _a01
245 _aბიბლიოგრაფიული კართოტეკების შედგენა მასობრივ ბიბლიოთეკებში/მეთოდური წერილი
245 _cშემდგ. მ.ცომაია. რედ. გ. თაყნიაშვილი
260 _aთბილისი
260 _c1984
300 _a36 გვ.
541 _h2ლ. 85თ.
653 _aბიბლიოგრაფიული კართოტეკების შედგენა მასობრივ ბიბლიოთეკებში/მეთოდური წერილი
653 _aბიბლიოთეკარი
653 _aქსეროქსი
942 _cBK
999 _c52807
_d52807